Obálka Náhled e-knihy:
PDF Epub
Pro půjčování e-knih musíte být přihlášeni.
Jak si půjčit online?

Stíny /

Stíny máme všichni v sobě, ať chceme nebo ne. Svádějí bitvy uvnitř nás a někdy, u někoho více, u jiného méně, vyhrávají. Obklopují nás i zvenčí, doráží na nás a čekají, kdy podlehneme.Tak se pohodlně usaďte, stíny přicházejí.

Uloženo v:
Hlavní autor: Oborná, Lenka (Autor)
Médium: E-kniha
Jazyk:Czech
Vydáno: Praha : E-knihy jedou, 2025
Tagy:
Žádné tagy
LEADER 01191nam a22002297i 4500
001 312617
007 ta
008 260601s2025 xr ||||| |||| 00| 0 cze d
020 |a 9990004171176 
044 |a xr 
100 1 |a  Oborná, Lenka  |4 aut 
245 1 0 |a Stíny /  |c  Oborná, Lenka 
264 1 |a Praha :  |b E-knihy jedou,  |c 2025 
300 |a 1 online zdroj (62 stran) 
336 |a text  |b txt  |2 rdacontent 
337 |a bez média  |b n  |2 rdamedia 
338 |a online zdroj  |b cr  |2 rdacarrier 
520 2 |a Stíny máme všichni v sobě, ať chceme nebo ne. Svádějí bitvy uvnitř nás a někdy, u někoho více, u jiného méně, vyhrávají. Obklopují nás i zvenčí, doráží na nás a čekají, kdy podlehneme.Tak se pohodlně usaďte, stíny přicházejí. 
910 |a RBIT002 
998 |d 417117  |a https://core.palmknihy.cz/api/books/417117/cover?sqszvd  |b https://core.palmknihy.cz/api/books/417117/cover/400?sqszvd  |c https://core.palmknihy.cz/api/books/417117/cover/50?sqszvd  |e   |g 62  |i 9990004171176  |j https://core.palmknihy.cz/api/books/417117/preview.epub  |k https://core.palmknihy.cz/api/books/417117/preview.pdf  |l   |q 49  |r 1  |s https://www.palmknihy.cz/kniha/417117  |t ebook  |y 2025  |z 1 
999 |d 312615